| 000 | 00519nam a2200181Ia 4500 | ||
|---|---|---|---|
| 999 |
_c28397 _d28397 |
||
| 003 | OSt | ||
| 005 | 20210107120121.0 | ||
| 008 | 190216s9999||||xx |||||||||||||| ||und|| | ||
| 020 | _a9788130001258 | ||
| 040 | _coclc | ||
| 082 |
_a894.8128 _bNAI/K |
||
| 100 |
_aNair, S Gupthan _96688 |
||
| 245 | 0 |
_aKeralavum Sangeethavum / _cS Gupthan Nair |
|
| 260 |
_bPoorna Publications, _aKozhikode: _c2004. |
||
| 300 | _a124p | ||
| 650 | _aPadanam | ||
| 942 |
_cBK _2ddc _h894.8128 _iNAI/K _k894.8128 _mNAI/K |
||